[Event "Druzynowe Mistrzostwa Polski Juniorow - I Liga"]
[Site "Centrum Wypoczynkowo-Szkoleniowe Gwarek, Ustron"]
[Date "1899-12-30"]
[Round "1.28"]
[White "Rogala, Milosz"]
[Black "Polczyk, Mikolaj"]
[Result "0-1"]
[WhiteTitle "II"]
[BlackTitle "I"]
[WhiteElo "1356"]
[BlackElo "1716"]

1. e4 e6 2. d4 d5 3. e5 c5 4. c3 Nc6 5. Nf3 Bd7 6. Be2 Nh6 7. Bxh6 gxh6 8. O-O
Bg7 9. Na3 a6 10. Nc2 O-O 11. Qd2 cxd4 12. cxd4 f6 13. exf6 Qxf6 14. Rad1 Be8
15. Rfe1 Bh5 16. h3 Rad8 17. Kh1 Rfe8 18. Ne5 Bxe2 19. Qxe2 Nxe5 20. dxe5 Qg6
21. Nd4 Rf8 22. Kg1 Rf4 23. f3 Re8 24. Qf2 h5 25. g3 Rf7 26. Kh2 h4 27. gxh4 Qh5
28. Qg3 Kh8 29. Qg5 Qg6 30. Rg1 Qxg5 31. Rxg5 h6 32. Rg6 Bxe5+ 33. Kg2 Rg7 34.
Rxg7 Kxg7 35. Ne2 Rc8 36. Rd2 Rc4 37. Ng3 Rxh4 38. Rc2 Rc4 39. Re2 Kf6 40. Nh5+
Kf5 41. b3 Rh4 42. Ng3+ Bxg3 43. Kxg3 Rb4 44. Re3 e5 45. Rc3 d4 46. Rc8 Rb6 47.
Rd8 Rg6+ 48. Kf2 Rc6 49. Kg3 Rc3 50. Rf8+ Ke6 51. Rh8 d3 52. Rd8 Rc2 53. Rxd3
Rxa2 54. Kh4 Ra3 55. Rc3 a5 56. Rc5 Rxb3 57. Rxa5 Rxf3 58. Rb5 Rf7 59. Kh5 Kf5
60. Kxh6 Kf4 61. Kg6 Re7 62. h4 e4 63. h5 e3 64. Rf5+ Ke4 65. Rf1 e2 66. Rb1 Kf3
67. Rb3+ Kf2 68. Rb2 Kf1 69. Rxe2 Kxe2 70. h6 b5 0-1

[Event "Druzynowe Mistrzostwa Polski Juniorow - I Liga"]
[Site "Centrum Wypoczynkowo-Szkoleniowe Gwarek, Ustron"]
[Date "1899-12-30"]
[Round "1.29"]
[White "Stebel, Agata"]
[Black "Antolak, Julia"]
[Result "1-0"]
[WhiteTitle "k"]
[BlackTitle "k+"]
[WhiteElo "1864"]
[BlackElo "1974"]

1. e4 c5 2. d3 e6 3. Nf3 d5 4. Nbd2 Be7 5. g3 Nc6 6. Bg2 Nf6 7. O-O O-O 8. Re1
b5 9. e5 Nd7 10. Nf1 Bb7 11. h4 Nb6 12. N1h2 Rc8 13. Ng4 d4 14. Ng5 Qc7 15. Bf4
Bxg5 16. hxg5 Nd7 17. Be4 g6 18. Kg2 Nb4 19. Rh1 h5 20. gxh6 f5 21. exf6 e5 22.
h7+ Kh8 23. Bh6 Nxf6 24. Bxf8 Nxe4 25. dxe4 Bxe4+ 26. f3 Bxc2 27. Qe2 e4 28. Bh6
Qc6 29. Bg5 Rf8 30. f4 Bd3 31. Qd1 Bc2 32. Qe2 Bd3 33. Qd1 Bc2 34. Qe1 e3+ 35.
Kh2 Be4 36. Ne5 Qe6 37. Qe2 Nd5 38. Rhd1 Qa6 39. a4 Qb7 40. Qxb5 Qxh7+ 41. Bh4
Nxf4 42. Qxc5 Ne6 43. Nf7+ Qxf7 44. Qe5+ Kh7 45. Qxe4 Qf2+ 46. Kh3 Re8 47. Qd5
Qf5+ 48. Qxf5 gxf5 49. Bf6 e2 50. Re1 d3 51. Bc3 Nc5 52. Kg2 Ne4 53. Kf3 Ng5+
54. Kf2 Kg6 55. Rac1 Re6 56. Ra1 Re8 57. a5 a6 58. Kg2 Ne4 59. Kf3 Nc5 60. Ra3
Re6 61. Bb4 Rd6 62. Raa1 Rd5 63. Bxc5 1-0

[Event "Druzynowe Mistrzostwa Polski Juniorow - I Liga"]
[Site "Centrum Wypoczynkowo-Szkoleniowe Gwarek, Ustron"]
[Date "1899-12-30"]
[Round "1.30"]
[White "Nowicka, Julia"]
[Black "Bilczewska, Olga"]
[Result "0-1"]
[WhiteTitle "I"]
[BlackTitle "I"]
[WhiteElo "1298"]
[BlackElo "1673"]

1. e4 d5 2. exd5 Nf6 3. Bc4 Nxd5 4. Qh5 e6 5. Nf3 Be7 6. Ne5 O-O 7. Bd3 h6 8. Ng4
Bg5 9. g3 Nd7 10. h4 N7f6 11. Nxf6+ Bxf6 12. Qf3 Bd7 13. g4 Bc6 14. Qg3 Nb4 15.
Rh3 Nxd3+ 16. cxd3 Bd4 17. h5 Qf6 18. Nc3 Be5 19. Qg1 Rad8 20. Ne4 Bxe4 21. dxe4
Bxb2 22. Rb1 Bxc1 23. Rxc1 Qb2 24. Rd1 Rd4 25. f3 Rfd8 26. Rh2 f6 27. e5 Kf7 28.
exf6 gxf6 29. Qe3 Rd3 30. Qxh6 Qe5+ 31. Re2 Qg3+ 32. Rf2 Rxf3 33. Qe3 Rxe3+ 34.
dxe3 Rxd1+ 35. Kxd1 Qxf2 0-1

[Event "Druzynowe Mistrzostwa Polski Juniorow - I Liga"]
[Site "Centrum Wypoczynkowo-Szkoleniowe Gwarek, Ustron"]
[Date "1899-12-30"]
[Round "2.1"]
[White "Korpalski, Maciej"]
[Black "Kowalski, Maciej"]
[Result "0-1"]
[WhiteTitle "I"]
[BlackTitle "k"]
[WhiteElo "1838"]
[BlackElo "2144"]

1. e4 c5 2. Nf3 Nc6 3. d4 cxd4 4. Nxd4 Nf6 5. Nc3 d6 6. f3 e5 7. Nb3 Be6 8. Be3
Be7 9. Qe2 O-O 10. O-O-O Qb8 11. g4 a5 12. g5 Nh5 13. Qb5 Bd8 14. Rg1 Na7 15.
Qd3 Nc8 16. Nd5 Bxd5 17. Qxd5 a4 18. Nd2 Ra5 19. Qd3 b5 20. Nb1 Bb6 21. Nc3 Nf4
22. Qd2 Ne7 23. Rh1 Bxe3 24. Qxe3 Rc8 25. Nd5 Nexd5 26. exd5 b4 27. Qe4 b3 28.
axb3 axb3 29. c3 Qa8 30. Bd3 g6 31. h4 Rxd5 32. h5 Qa1+ 33. Bb1 Rxc3+ 34. bxc3
Qa3# 0-1

[Event "Druzynowe Mistrzostwa Polski Juniorow - I Liga"]
[Site "Centrum Wypoczynkowo-Szkoleniowe Gwarek, Ustron"]
[Date "1899-12-30"]
[Round "2.2"]
[White "Wacior, Maciej"]
[Black "Holownia, Michal"]
[Result "1-0"]
[WhiteTitle "I++"]
[BlackTitle "II+"]
[WhiteElo "1934"]
[BlackElo "1871"]

1. d4 Nf6 2. Nf3 c5 3. c3 d5 4. Bf4 Nc6 5. e3 Nh5 6. Be5 f6 7. Bg3 Nxg3 8. hxg3
Qb6 9. Qc1 g6 10. Bd3 f5 11. Nbd2 Bg7 12. Qc2 e5 13. dxe5 Nxe5 14. Nxe5 Bxe5 15.
Nf3 Bf6 16. O-O-O Be6 17. Be2 O-O 18. Rh2 Rac8 19. Rdh1 Rf7 20. Nd2 d4 21. exd4
cxd4 22. c4 Qa5 23. b3 b5 24. Bd3 Qa3+ 25. Kd1 Qd6 26. Re1 Rg7 27. Rhh1 Bg5 28.
f4 Bf6 29. Re2 Bf7 30. Rhe1 Kh8 31. Rf2 Rgg8 32. Ke2 bxc4 33. Nxc4 Rge8+ 34. Kf1
Rxe1+ 35. Kxe1 Qb4+ 36. Kf1 a5 37. Qd2 Rd8 38. Nxa5 Qb6 39. Nc4 Qa7 40. Re2 Kg7
41. Ne5 Bd5 42. Kg1 Rc8 43. Kh2 Qc7 44. Nc4 Qc6 45. Qb4 Re8 46. Ne5 Qa8 47. Qxd4
h5 48. Qb6 Re7 49. Qc5 Qd8 50. Bc4 Bxc4 51. Qxc4 Rc7 52. Qd3 Qc8 53. Nc4 Kh6 54.
Qd5 h4 55. gxh4 Bxh4 56. Re6 Kh7 57. Qd6 Rd7 58. Qe5 Rd3 59. Ne3 Qd8 60. Nxf5
Bg3+ 61. Nxg3 Qh4+ 62. Kg1 Qxg3 63. Re7+ Kh6 64. Qh8# 1-0

[Event "Druzynowe Mistrzostwa Polski Juniorow - I Liga"]
[Site "Centrum Wypoczynkowo-Szkoleniowe Gwarek, Ustron"]
[Date "1899-12-30"]
[Round "2.3"]
[White "Sernecki, Franciszek"]
[Black "Kabacinski, Krzysztof"]
[Result "1/2-1/2"]
[WhiteTitle "I"]
[BlackTitle "II"]
[WhiteElo "1932"]
[BlackElo "1565"]

1. d4 d5 2. Nf3 c6 3. c4 Nf6 4. e3 a6 5. Nbd2 b5 6. b3 Bg4 7. h3 Bxf3 8. Qxf3 e6
9. Bd3 Bb4 10. a3 Bc3 11. Ra2 O-O 12. O-O e5 13. dxe5 Bxe5 14. Bb1 Bc7 15. cxd5
Qxd5 16. Rc2 Qe5 17. g3 Qe6 18. Bb2 Be5 19. Bxe5 Qxe5 20. Rfc1 Qe6 21. Kg2 Rd8
22. b4 a5 23. Ba2 Qe7 24. bxa5 Rxa5 25. Nb1 Qa7 26. Bb3 Rd3 27. Rc3 Rxc3 28. Nxc3
Qe7 29. Nd5 Nxd5 30. Bxd5 Rxa3 31. Bxc6 Nxc6 32. Rxc6 g6 33. Rb6 b4 34. Rb7 Qf8
35. Qf4 Ra8 36. Rxb4 Qe8 37. Qf3 Ra4 38. Rb7 Ra2 39. h4 Ra5 40. g4 h5 41. Rb4
Qe6 42. Re4 hxg4 43. Rxg4 Qf5 44. Qxf5 Rxf5 45. Rg5 Rf6 46. h5 Kg7 47. hxg6 fxg6
48. Rc5 Re6 49. Kf3 Kf6 50. Kf4 Ra6 51. e4 Ra4 52. Rc6+ Kf7 53. Ke5 Ra5+ 54. Kd6
Ra2 55. f4 Ra4 56. e5 Rd4+ 57. Kc7 Rxf4 58. Kd7 Rd4+ 59. Rd6 Re4 60. e6+ Kf6 61.
Rd1 g5 62. Rf1+ Kg6 63. e7 g4 64. e8=Q+ Rxe8 65. Kxe8 Kg5 66. Ke7 g3 67. Rf8 Kg4
68. Ke6 g2 69. Ke5 Kg3 70. Rg8+ Kf2 1/2-1/2

[Event "Druzynowe Mistrzostwa Polski Juniorow - I Liga"]
[Site "Centrum Wypoczynkowo-Szkoleniowe Gwarek, Ustron"]
[Date "1899-12-30"]
[Round "2.4"]
[White "Rogala, Milosz"]
[Black "Kawaler, Adam"]
[Result "0-1"]
[WhiteTitle "II"]
[BlackTitle "I"]
[WhiteElo "1356"]
[BlackElo "1553"]

1. e4 d6 2. d4 Nf6 3. Nc3 c6 4. Nf3 Bg4 5. Be2 e6 6. h3 Bxf3 7. Bxf3 d5 8. Bg5
Be7 9. exd5 cxd5 10. Qd2 Nc6 11. Bf4 Rc8 12. O-O a6 13. a3 Qb6 14. Ne2 Na5 15.
b3 O-O 16. Qd3 Qc6 17. Bd2 Bd8 18. Rfc1 b5 19. a4 Ra8 20. Bxa5 Bxa5 21. c4 bxc4
22. bxc4 Qd7 23. c5 Rfc8 24. Nc3 Rcb8 25. Ne2 Qc6 26. Rcb1 Bc7 27. Nc3 h6 28.
Rxb8+ Rxb8 29. Rb1 Rb7 30. Bd1 Rxb1 31. Qxb1 e5 32. Qd3 exd4 33. Qxd4 Qe8 34.
g3 Qe1+ 35. Kg2 Be5 36. Qb4 Qxc3 37. Qb6 Bd4 38. Qb8+ Kh7 39. Qf4 Qxc5 40. Be2
Qc3 41. Bxa6 Be5 42. Qf3 Qxf3+ 43. Kxf3 Ne4 44. Bd3 f5 45. g4 g6 46. gxf5 gxf5
47. a5 Kg6 48. a6 Bd4 49. Kf4 Kf6 50. f3 Nc5 51. Bb5 Ne6+ 52. Kg3 Bb6 53. Bd3
Nc5 54. Bb5 d4 55. Kh4 d3 56. Kh5 d2 57. Be2 Nxa6 58. Kxh6 Nc7 59. h4 Nd5 60.
h5 Nc3 0-1

[Event "Druzynowe Mistrzostwa Polski Juniorow - I Liga"]
[Site "Centrum Wypoczynkowo-Szkoleniowe Gwarek, Ustron"]
[Date "1899-12-30"]
[Round "2.5"]
[White "Dmochowska, Agnieszka"]
[Black "Antolak, Julia"]
[Result "1/2-1/2"]
[WhiteTitle "WCM"]
[BlackTitle "k+"]
[WhiteElo "1869"]
[BlackElo "1974"]

1. c4 Nf6 2. Nc3 d6 3. g3 g6 4. Bg2 Bg7 5. Nf3 O-O 6. O-O e5 7. d3 Nbd7 8. Rb1
c6 9. b4 Qe7 10. Nd2 a5 11. b5 c5 12. Nde4 Nb6 13. Bg5 Qe6 14. Bxf6 Bxf6 15. Na4
Nxa4 16. Qxa4 Bd8 17. Nc3 Qe8 18. Qa3 f5 19. b6 Ra6 20. Nd5 Bd7 21. Qc3 Bc6 22.
Rb2 h5 23. Rfb1 Qd7 24. Qd2 Bxd5 25. Bxd5+ Kg7 26. Rb5 a4 27. Ra5 Bg5 28. Qc3
Rfa8 29. Rbb5 Bf6 30. Qd2 h4 31. Rxa6 Rxa6 32. f4 hxg3 33. hxg3 exf4 34. Qxf4
Ra8 35. Qf3 Rb8 36. Ra5 Bd8 37. Rb5 Bf6 38. Kg2 Qe7 39. Ra5 Qd8 40. Bxb7 Qxb6
41. Rb5 Qc7 42. Bc6 Be5 43. Qd5 a3 44. Rxb8 Qxb8 45. Bb5 Qa7 1/2-1/2

[Event "Druzynowe Mistrzostwa Polski Juniorow - I Liga"]
[Site "Centrum Wypoczynkowo-Szkoleniowe Gwarek, Ustron"]
[Date "1899-12-30"]
[Round "2.6"]
[White "Nowicka, Julia"]
[Black "Frej, Zofia"]
[Result "0-1"]
[WhiteTitle "I"]
[BlackTitle "I+"]
[WhiteElo "1298"]
[BlackElo "1823"]

1. e4 c5 2. Nf3 e6 3. d4 cxd4 4. Nxd4 a6 5. Nc3 Qc7 6. Bd3 Nc6 7. Nb3 Nf6 8. Be3
b5 9. a3 Be7 10. O-O O-O 11. f4 d5 12. exd5 exd5 13. Qf3 Rd8 14. Qf2 d4 15. Nxd4
Nxd4 16. Kh1 Ng4 17. Qg3 Nxe3 18. Qxe3 Bb7 19. Rae1 Bf6 20. Qh3 h6 21. Re3 Qd7
22. Qh5 g6 23. Qxh6 Nf5 24. Bxf5 Qxf5 25. Rh3 Qxc2 26. Qh7+ Kf8 27. Rg3 Rd2 28.
Qh3 Rf2 29. Rg1 Rd8 30. Qh6+ Kg8 31. Qh3 Rdd2 32. f5 Rxg2 33. R3xg2 Rxg2 0-1

[Event "Druzynowe Mistrzostwa Polski Juniorow - I Liga"]
[Site "Centrum Wypoczynkowo-Szkoleniowe Gwarek, Ustron"]
[Date "1899-12-30"]
[Round "2.7"]
[White "Mockun, Dawid"]
[Black "Bilczewski, Kacper"]
[Result "1/2-1/2"]
[WhiteTitle "I"]
[BlackTitle "I"]
[WhiteElo "1951"]
[BlackElo "2056"]

1. d4 e6 2. Nf3 b6 3. e3 Bb7 4. Bd3 Nf6 5. Nbd2 d5 6. Qe2 Be7 7. O-O O-O 8. e4
dxe4 9. Nxe4 Nbd7 10. Rd1 Nxe4 11. Bxe4 Bxe4 12. Qxe4 Nf6 13. Qe2 c6 14. Bf4 Nd5
15. Bg3 Bd6 16. Ne5 Bxe5 17. Bxe5 Qg5 18. Qf3 Rac8 19. c3 Rfd8 20. Qe4 Nf6 21.
Qe2 Ng4 22. Bg3 Nh6 23. Qa6 Qe7 24. Qe2 Qg5 25. Qa6 Qe7 26. Qe2 Qg5 27. a4 Nf5
28. Be5 Nh4 29. Bg3 Nf5 30. Be5 Nh4 31. Bg3 Rd7 32. b4 Nf5 33. Be5 Rcd8 34. Qf3
Rd5 35. c4 Nxd4 36. Bxd4 Rxd4 37. Rxd4 Rxd4 38. Qxc6 Qd8 39. g3 g6 40. a5 bxa5
41. bxa5 Qb8 42. c5 Qb2 43. Rf1 Qc3 44. Qa8+ Kg7 45. Qxa7 Rd5 46. a6 Rxc5 47.
Qb7 Qa3 48. Rd1 Rf5 49. a7 Ra5 50. Rd7 Qf8 51. Rc7 Qe8 52. Rc8 Qxc8 53. Qxc8 Rxa7
54. Qc3+ Kg8 55. Qf6 Rd7 56. Kg2 Rd5 57. g4 h5 58. f3 Rb5 59. Kg3 Rd5 60. Kf4
Rb5 61. Kg3 Rd5 62. h3 Rb5 63. f4 Rd5 64. f5 exf5 65. gxh5 f4+ 66. Qxf4 Rxh5 67.
Kg4 Rf5 68. Qd4 Rh5 69. h4 Rf5 70. Kg3 Rh5 71. Kf3 Rf5+ 72. Kg4 Rh5 1/2-1/2

[Event "Druzynowe Mistrzostwa Polski Juniorow - I Liga"]
[Site "Centrum Wypoczynkowo-Szkoleniowe Gwarek, Ustron"]
[Date "1899-12-30"]
[Round "2.8"]
[White "Maj, Kornel"]
[Black "Buraczewski, Rafal"]
[Result "1/2-1/2"]
[WhiteTitle "I"]
[BlackTitle "I"]
[WhiteElo "2051"]
[BlackElo "1906"]

1. e4 e6 2. d3 d5 3. Nd2 Nf6 4. Ngf3 b6 5. e5 Nfd7 6. d4 c5 7. c3 Be7 8. Bb5 cxd4
9. cxd4 Ba6 10. a4 Bxb5 11. axb5 Qc7 12. O-O O-O 13. Qe2 Qb7 14. h4 a6 15. Ng5
h6 16. Nh3 axb5 17. Rxa8 Qxa8 18. Qg4 Qa4 19. Nf3 Kh7 20. Nf4 Qc2 21. Be3 Kh8
22. Rc1 Qe4 23. Nd2 Qh7 24. h5 Bg5 25. Nf3 Bxf4 26. Qxf4 Na6 27. Bd2 b4 28. Kh2
Qd3 29. Rc6 Qb3 30. Rd6 Nab8 31. Bc1 Qc4 32. g4 Qc2 33. Kg2 Qe4 34. Qxe4 dxe4
35. Ne1 Rc8 36. Bd2 b3 37. Kg3 Rc6 38. Rxc6 Nxc6 39. Bc3 b5 40. Kf4 b4 41. Bd2
Nxd4 42. Kxe4 Nc2 43. Nd3 Nb6 44. Bxb4 Kg8 45. Bd2 Na4 46. Be3 Kf8 47. Bd4 Ke8
48. Nc5 Nxc5+ 49. Bxc5 Ne1 50. Bb4 Nc2 51. Bc3 Kf8 52. Kd3 g6 53. hxg6 fxg6 54.
Kc4 Na1 55. Ba5 Kf7 56. Bd2 h5 57. gxh5 gxh5 58. Bg5 Kg6 59. f4 Kf5 60. Kb4 Kg4
61. Kc4 Kf5 62. Kb4 h4 63. Bxh4 Kxf4 64. Bf6 Ke4 65. Kc3 Kd5 66. Kb4 Kd4 1/2-1/2

[Event "Druzynowe Mistrzostwa Polski Juniorow - I Liga"]
[Site "Centrum Wypoczynkowo-Szkoleniowe Gwarek, Ustron"]
[Date "1899-12-30"]
[Round "2.9"]
[White "Poplawski, Maciej"]
[Black "Ochowicz, Jakub"]
[Result "1-0"]
[WhiteTitle "I"]
[BlackTitle "I"]
[WhiteElo "1866"]
[BlackElo "1849"]

1. d4 Nf6 2. Nc3 d6 3. e4 Nbd7 4. f3 g6 5. Be3 Bg7 6. Nge2 O-O 7. g4 c5 8. d5 Ne5
9. Ng3 Ne8 10. Be2 Qb6 11. Qc1 Nc7 12. h4 e6 13. h5 exd5 14. exd5 Re8 15. Kf2
Nxg4+ 16. fxg4 Rxe3 17. hxg6 c4 18. gxf7+ Kf8 19. Na4 Rxe2+ 20. Kxe2 Bxg4+ 21.
Kf1 Qd4 22. Qg5 h6 23. Rxh6 Bxh6 24. Qxh6+ Kxf7 25. Re1 Rf8 26. Kg2 Nxd5 27. Re4
Bf3+ 28. Kxf3 Qd1+ 29. Kg2 Qxc2+ 30. Kh3 Nf6 31. Rf4 Ke7 32. Nf5+ Ke8 33. Nxd6+
Ke7 34. Qg7+ Ke6 35. Nc5+ Kd5 36. Rf5+ Kc6 37. Qxf8 Qd1 38. Qc8+ 1-0

[Event "Druzynowe Mistrzostwa Polski Juniorow - I Liga"]
[Site "Centrum Wypoczynkowo-Szkoleniowe Gwarek, Ustron"]
[Date "1899-12-30"]
[Round "2.10"]
[White "Polczyk, Mikolaj"]
[Black "Wierzbicki, Michal"]
[Result "1-0"]
[WhiteTitle "I"]
[BlackTitle "I"]
[WhiteElo "1716"]
[BlackElo "1725"]

1. e4 e6 2. d4 d5 3. Nd2 b6 4. Ngf3 Nf6 5. e5 Nfd7 6. Bd3 Ba6 7. Bxa6 Nxa6 8. c3
c5 9. Qe2 Nc7 10. O-O Be7 11. Ne1 b5 12. f4 g6 13. Ndf3 a5 14. Be3 c4 15. g4 h5
16. h3 hxg4 17. hxg4 Nb6 18. Ng2 Qd7 19. Bf2 O-O-O 20. Bh4 Bxh4 21. Nfxh4 Rdg8
22. Nf3 Ne8 23. Rae1 Ng7 24. Kf2 Rh6 25. b3 Kc7 26. Rh1 Rgh8 27. Rxh6 Rxh6 28.
bxc4 Nxc4 29. Ne3 Nxe3 30. Qxe3 Rh8 31. Rb1 Qc6 32. Qd3 Rb8 33. Nd2 Ne8 34. Nb3
Qb6 35. Nc5 Qc6 36. a4 bxa4 37. Na6+ Qxa6 38. Qxa6 Rxb1 39. Qxa5+ Kd7 40. Qxa4+
Ke7 41. Qa3+ Kd8 42. Qf8 Rb7 43. Kg3 Re7 44. Kh4 Kd7 45. f5 exf5 46. gxf5 gxf5
47. Kg5 Nc7 48. Kxf5 Nb5 49. Qb8 Kc6 50. Qc8+ Nc7 51. c4 Rd7 52. c5 Re7 53. Kf6
Re6+ 54. Kxf7 Rh6 55. e6 Rh7+ 56. Kg6 Re7 57. Kf6 Rh7 58. e7 Rh6+ 59. Kf5 Rh5+
60. Kg6 1-0

[Event "Druzynowe Mistrzostwa Polski Juniorow - I Liga"]
[Site "Centrum Wypoczynkowo-Szkoleniowe Gwarek, Ustron"]
[Date "1899-12-30"]
[Round "2.11"]
[White "Murawko, Katarzyna"]
[Black "Stebel, Agata"]
[Result "1/2-1/2"]
[WhiteTitle "k"]
[BlackTitle "k"]
[WhiteElo "1948"]
[BlackElo "1864"]

1. e4 e5 2. Nf3 Nf6 3. d4 Nxe4 4. Bd3 d5 5. dxe5 Nc6 6. h3 Be7 7. O-O O-O 8. c3
f6 9. exf6 Nxf6 10. Re1 Bd6 11. Bg5 Bd7 12. Bc2 Ne7 13. Ne5 c6 14. Nxd7 Qxd7 15.
Nd2 Rae8 16. Nf3 Qc7 17. Nd4 Qd7 18. Ne6 Rf7 19. Re3 Kh8 20. Qd4 Ne4 21. Bxe4
dxe4 22. Qxe4 Nd5 23. Ree1 Nc7 24. Rad1 Rxe6 25. Qd4 Rxe1+ 26. Rxe1 Ne6 27. Qg4
Nf8 28. Qd4 Qf5 29. Be3 Bf4 30. Qxa7 Bxe3 31. Qxe3 h6 32. a3 Ng6 33. b4 Kh7 34.
a4 Qc2 35. a5 Re7 36. Qc1 Qxc1 37. Rxc1 Re2 38. Rd1 Re7 39. Rd6 Nf4 40. c4 Kg8
41. h4 Kf7 42. g3 Ne6 43. Kf1 Kf6 44. a6 bxa6 45. Rxc6 Rb7 46. Rxa6 Rxb4 47. c5
Rc4 48. c6 Ke5 49. Kg2 Nc7 50. Rb6 Ke4 51. f3+ Kd4 52. g4 Ke3 53. Kg3 Rc3 54.
h5 Kd4 55. Rb4+ Kd5 56. Rb8 Rxc6 57. Rd8+ Ke5 58. f4+ Kf6 59. Rf8+ Ke7 60. Rf5
Rc3+ 61. Kh4 Ne6 62. g5 hxg5+ 63. fxg5 Rc4+ 64. Kg3 Rc3+ 65. Kg4 Rc4+ 66. Kg3
Rc3+ 67. Kg4 Rc4+ 68. Kg3 1/2-1/2

[Event "Druzynowe Mistrzostwa Polski Juniorow - I Liga"]
[Site "Centrum Wypoczynkowo-Szkoleniowe Gwarek, Ustron"]
[Date "1899-12-30"]
[Round "2.12"]
[White "Bilczewska, Olga"]
[Black "Rudzinska, Michalina"]
[Result "0-1"]
[WhiteTitle "I"]
[BlackTitle "I"]
[WhiteElo "1673"]
[BlackElo "1693"]

1. e4 c5 2. c3 d5 3. exd5 Qxd5 4. d4 Nf6 5. Nf3 e6 6. Be2 Nc6 7. O-O cxd4 8. cxd4
Be7 9. Nc3 Qd6 10. h3 O-O 11. Be3 Bd7 12. a3 Rfd8 13. Qb3 Na5 14. Qc2 Rac8 15.
Rac1 Nd5 16. Qd3 Bf6 17. Ne4 Qe7 18. Nxf6+ Nxf6 19. Bg5 a6 20. Qe3 Rxc1 21. Rxc1
Bb5 22. Bxb5 axb5 23. Qe2 Qd7 24. Bxf6 gxf6 25. Qe3 Kg7 26. Rc5 Rg8 27. Rh5 Kf8
28. Rxh7 Ke7 29. Qf4 Nc4 30. b3 Nd6 31. Qh4 Nf5 32. Qh5 Qe8 33. d5 Ng7 34. Qh6
Nf5 35. Qd2 Qd7 36. dxe6 Qxd2 37. Rxf7+ Kxe6 38. Rxf6+ Kxf6 39. Nxd2 Nd4 40. g4
Ke5 41. Kg2 Kf4 42. b4 Rc8 43. Nb1 Nf3 44. g5 Rc1 45. h4 Kg4 0-1

[Event "Druzynowe Mistrzostwa Polski Juniorow - I Liga"]
[Site "Centrum Wypoczynkowo-Szkoleniowe Gwarek, Ustron"]
[Date "1899-12-30"]
[Round "2.13"]
[White "Bus, Konrad"]
[Black "Kucza, Karol"]
[Result "1/2-1/2"]
[WhiteTitle "k"]
[BlackTitle "k"]
[WhiteElo "2108"]
[BlackElo "2119"]

1. d4 d5 2. c4 e6 3. Nf3 c6 4. e3 Nf6 5. Nc3 Nbd7 6. Qc2 Bd6 7. g4 Nxg4 8. Rg1
f5 9. h3 Ngf6 10. Rxg7 Ne4 11. Bd2 Ndf6 12. Ne5 Kf8 13. Rg2 Qc7 14. O-O-O Bd7
15. Bd3 Nxd2 16. Qxd2 Bxe5 17. dxe5 Qxe5 18. Ne2 Kf7 19. f4 Qc7 20. Nd4 Rag8 21.
Rdg1 Rxg2 22. Rxg2 Be8 23. Nf3 Rg8 24. Rxg8 Kxg8 25. Kb1 b6 26. a3 Bg6 27. Qc3
Qe7 28. Ne5 Be8 29. Qc1 Kf8 30. Qe1 Ng8 31. Bc2 Nh6 32. Ba4 Nf7 33. Qc3 Nxe5 34.
Qxe5 Kg8 35. cxd5 cxd5 36. Qb8 Kf8 37. Bxe8 Qxe8 38. Qxa7 Qb5 39. Qb8+ Kf7 40.
Qc7+ Kg6 41. Qd8 Qd3+ 42. Ka2 1/2-1/2

[Event "Druzynowe Mistrzostwa Polski Juniorow - I Liga"]
[Site "Centrum Wypoczynkowo-Szkoleniowe Gwarek, Ustron"]
[Date "1899-12-30"]
[Round "2.14"]
[White "Madrawski, Krzysztof"]
[Black "Golenia, Jan"]
[Result "1-0"]
[WhiteTitle "I+"]
[BlackTitle "I"]
[WhiteElo "1972"]
[BlackElo "1792"]

1. e4 e5 2. Nf3 Nc6 3. d4 exd4 4. c3 d5 5. exd5 Qxd5 6. cxd4 Bg4 7. Be2 O-O-O 8.
Be3 Nf6 9. Nc3 Bb4 10. O-O Qd7 11. a3 Ba5 12. Na4 Bb6 13. Nxb6+ axb6 14. Qa4 Kb8
15. Rfd1 Nd5 16. h3 Bf5 17. Bb5 Qe6 18. Bxc6 bxc6 19. Ne5 Kb7 20. Rac1 Ne7 21.
Qc4 Qxc4 22. Nxc4 f6 23. Kf1 Nd5 24. Rd2 Rhe8 25. b3 Ra8 26. b4 Be6 27. Rdc2 Bf5
28. Rd2 Be4 29. h4 Nxe3+ 30. fxe3 Bd5 31. Rd3 Re4 32. g3 g5 33. hxg5 Rg8 34. Nd2
Rg4 35. e4 Bxe4 36. Nxe4 Rxe4 37. gxf6 Rf8 38. Rf3 Re6 39. Rcc3 Rfxf6 40. Rxf6
Rxf6+ 41. Ke2 Rg6 42. Kf3 h5 43. Re3 Rf6+ 44. Kg2 Rg6 45. Re4 Kc8 46. Kh3 b5 47.
Kh4 Kd7 48. Re3 Rh6 49. Re5 Rd6 50. Kxh5 Rxd4 51. Re3 Rd5+ 52. Kh4 c5 53. bxc5
Rxc5 54. g4 Rc4 55. Kh5 b4 56. axb4 Rxb4 57. g5 c5 58. g6 Kd6 59. Rf3 Rb8 60.
Rf5 Rg8 61. Kh6 Rh8+ 62. Kg7 Rc8 63. Kh7 Ke6 64. Rh5 Kf6 65. g7 Rc7 66. Rh6+ Ke5
67. Rc6 Rxc6 68. g8=Q c4 69. Qe8+ Kd5 70. Qd7+ Kc5 71. Qd2 Rd6 72. Qa5+ Kd4 73.
Qc7 Rd5 74. Kg6 c3 75. Kf6 Rc5 76. Qf4+ Kd3 77. Qd6+ Kc4 78. Qd1 Rd5 79. Qa4+
Kd3 80. Qd1+ Kc4 81. Qe2+ Kb3 82. Qe6 Kc4 83. Qc6+ Rc5 84. Qe4+ Kb3 85. Qb1+ Kc4
86. Ke6 Rb5 87. Qa2+ Kd3 88. Qa4 Rb2 89. Kd5 Kd2 90. Qd4+ Kc2 91. Kc4 Kc1 92.
Kxc3 Rc2+ 93. Kb3 Rd2 94. Qa1# 1-0

[Event "Druzynowe Mistrzostwa Polski Juniorow - I Liga"]
[Site "Centrum Wypoczynkowo-Szkoleniowe Gwarek, Ustron"]
[Date "1899-12-30"]
[Round "2.15"]
[White "Golenia, Wojciech"]
[Black "Woloch, Oskar"]
[Result "1/2-1/2"]
[WhiteTitle "I"]
[BlackTitle "k"]
[WhiteElo "1750"]
[BlackElo "2108"]

1. e4 e5 2. f4 Bc5 3. Nf3 d6 4. c3 Bb6 5. d4 exd4 6. cxd4 Nf6 7. e5 Ne4 8. Bd3
d5 9. Be3 f5 10. Nc3 c6 11. Qb3 Qe7 12. O-O h6 13. g3 Be6 14. Nh4 Qf7 15. Rad1
O-O 16. Kg2 Bd8 17. Nf3 a5 18. a3 b5 19. Qc2 Be7 20. Rc1 a4 21. Na2 Rc8 22. Qe2
Nd7 23. Rc2 Nb6 24. Rfc1 Nc4 25. Nc3 Rcb8 26. Bxc4 Nxc3 27. Rxc3 dxc4 28. Nd2
Bd5+ 29. Kg1 Bd8 30. R3c2 Ba5 31. Kf2 Rd8 32. Kg1 Bb6 33. Qf2 Ba5 34. Qe2 Bxd2
35. Rxd2 Be4 36. Qe1 Qd5 37. Rf2 Bd3 38. Qb4 Rd7 39. Re1 Be4 40. h3 h5 41. h4
Re8 42. Kh2 Re6 43. Rd2 Rg6 44. Bf2 Re6 45. Red1 Bd3 46. Re1 Qf3 47. Re3 Qg4 48.
Re1 Be4 49. Re3 Bd5 50. Qc3 Qg6 51. Qb4 Qf7 52. Rd1 Qf8 53. Be1 Qd8 54. Qa5 Qxa5
55. Bxa5 Be4 56. Bb4 Kf7 57. Kg1 Re8 58. Bc5 Ke6 59. Kf2 Rd5 60. Ke2 g6 61. Kd2
Red8 62. Kc1 Bd3 63. Rd2 Be4 64. Rd1 R5d7 65. Kd2 Rd5 1/2-1/2

[Event "Druzynowe Mistrzostwa Polski Juniorow - I Liga"]
[Site "Centrum Wypoczynkowo-Szkoleniowe Gwarek, Ustron"]
[Date "1899-12-30"]
[Round "2.16"]
[White "Gorkiewicz, Mateusz"]
[Black "Gawor, Jan Pawel"]
[Result "1-0"]
[WhiteTitle "II"]
[BlackTitle "II"]
[WhiteElo "1353"]
[BlackElo "1519"]

1. e4 c5 2. Nf3 Nc6 3. d4 cxd4 4. Nxd4 Nf6 5. Nc3 e5 6. Ndb5 d6 7. Bg5 a6 8. Na3
b5 9. Nd5 Be7 10. Bxf6 Bxf6 11. c4 b4 12. Nc2 a5 13. g3 Bg5 14. Bg2 O-O 15. O-O
Bh6 16. Qd3 g6 17. Rfd1 Ra6 18. a3 bxa3 19. Rxa3 f5 20. exf5 gxf5 21. Nc3 Ne7
22. c5 e4 23. Qd4 Bg7 24. Qd2 Bxc3 25. Rxc3 Rf6 26. Bf1 Ra7 27. cxd6 Ng6 28. Qd4
Rff7 29. Bc4 Qe8 30. Qxa7 Bd7 31. Bxf7+ Qxf7 32. Qd4 Nf8 33. Qd5 Ne6 34. Qxa5
Qh5 35. Re1 Ng5 36. Qd8+ Kf7 37. Qxd7+ Kg6 38. Qe8+ Nf7 39. Qg8+ Kh6 40. Rc6 Ne5
41. Qe6+ Kg5 42. Qxe5 h6 43. Qg7+ 1-0

[Event "Druzynowe Mistrzostwa Polski Juniorow - I Liga"]
[Site "Centrum Wypoczynkowo-Szkoleniowe Gwarek, Ustron"]
[Date "1899-12-30"]
[Round "2.17"]
[White "Jedrocha, Katarzyna"]
[Black "Dwilewicz, Katarzyna"]
[Result "1-0"]
[WhiteTitle "k"]
[BlackTitle "I++"]
[WhiteElo "1912"]
[BlackElo "1872"]

1. d4 d5 2. c4 e6 3. Nc3 Nf6 4. cxd5 exd5 5. Bg5 Bb4 6. e3 Nbd7 7. Bd3 c5 8. Nge2
O-O 9. O-O h6 10. Bh4 Qb6 11. Na4 Qd6 12. dxc5 Nxc5 13. Nxc5 Bxc5 14. Nc3 Bg4
15. Qb3 Rad8 16. Rac1 b6 17. Bb1 d4 18. Bxf6 Qxf6 19. Ne4 Qe5 20. Nxc5 bxc5 21.
exd4 cxd4 22. Rfe1 Qf4 23. f3 d3 24. Rc4 Qd2 25. Qd1 Qxd1 26. Rxd1 Bf5 27. Rd2
Rfe8 28. Kf2 Rd6 29. Rc3 Red8 30. a3 h5 31. h3 h4 32. Rc4 g5 33. Rc7 a6 34. Ba2
Bg6 35. Rc5 Kg7 36. Rxg5 Rc6 37. Bb3 Rc2 38. Bxc2 dxc2 39. Rxc2 Kh6 40. Rcc5 Rd2+
41. Kg1 Rxb2 42. Rg4 Rb1+ 43. Kh2 1-0